The dolphin trap / (Record no. 111176)
[ view plain ]
| 000 -LEADER | |
|---|---|
| fixed length control field | 00715nam a2200205 a 4500 |
| 001 - CONTROL NUMBER | |
| control field | 1324 |
| 005 - DATE AND TIME OF LATEST TRANSACTION | |
| control field | 20140414131910.0 |
| 008 - FIXED-LENGTH DATA ELEMENTS--GENERAL INFORMATION | |
| fixed length control field | 001219s19uu xx 00 eng d |
| 050 ## - LIBRARY OF CONGRESS CALL NUMBER | |
| Classification number | ER |
| Item number | D65 |
| 100 ## - MAIN ENTRY--PERSONAL NAME | |
| Personal name | Payne, Colleen |
| 245 ## - TITLE STATEMENT | |
| Title | The dolphin trap / |
| Statement of responsibility, etc | written and illustrated by Colleen Payne. |
| 260 ## - PUBLICATION, DISTRIBUTION, ETC. (IMPRINT) | |
| Place of publication, distribution, etc | [s.l.] : |
| Name of publisher, distributor, etc | Blue Banana Books, |
| Date of publication, distribution, etc | [n.d.] |
| 300 ## - PHYSICAL DESCRIPTION | |
| Extent | 1 v. p. : ill. ; cm. |
| 440 ## - SERIES STATEMENT/ADDED ENTRY--TITLE | |
| Title | The Little Dolphin story collection. |
| 520 ## - SUMMARY, ETC. | |
| Summary, etc | Bottlenose was excited. She had never seen a fishing boat before. She swam right into the fishing net. She was trapped with the other fish. |
| 650 ## - SUBJECT ADDED ENTRY--TOPICAL TERM | |
| Topical term or geographic name as entry element | Underwater animals |
| General subdivision | Fiction. |
| 650 ## - SUBJECT ADDED ENTRY--TOPICAL TERM | |
| Topical term or geographic name as entry element | Children stories. |
| Withdrawn status | Lost status | Damaged status | Use restrictions | Home library | Current library | Shelving location | Date acquired | Source of acquisition | Total Checkouts | Full call number | Barcode | Date last seen | Price effective from | Koha item type |
|---|---|---|---|---|---|---|---|---|---|---|---|---|---|---|
| Munich Library | Munich Library | Easy Reading Section | 12/20/2004 | ER D65 | M1771 | 04/14/2014 | 04/14/2014 | Books | ||||||
| Munich Library | Munich Library | Easy Reading Section | 10/12/2010 | ER D65 | M1770 | 04/14/2014 | 04/14/2014 | Books |